IFM Opac

University capacity in Eastern and Southern African Countries (Record no. 7592)

MARC details
000 -LEADER
fixed length control field 00507nam a2200145Ia 4500
020 ## - INTERNATIONAL STANDARD BOOK NUMBER
International Standard Book Number 085255107X
082 ## - DEWEY DECIMAL CLASSIFICATION NUMBER
Classification number 378.67 UNI
100 ## - MAIN ENTRY--PERSONAL NAME
Personal name Eastern and Southern African Universities Research Programme
9 (RLIN) 3144
245 ## - TITLE STATEMENT
Title University capacity in Eastern and Southern African Countries
260 ## - PUBLICATION, DISTRIBUTION, ETC.
Place of publication, distribution, etc. Dar es Salaam:
Name of publisher, distributor, etc. ESAURP
Date of publication, distribution, etc. 1987
300 ## - PHYSICAL DESCRIPTION
Extent xix, 259p.
Other physical details 21cm
500 ## - GENERAL NOTE
General note Includes references
650 ## - SUBJECT ADDED ENTRY--TOPICAL TERM
Topical term or geographic name entry element Colleges and Universities - Africa EastColleges and Universities - Africa Southern
9 (RLIN) 3145
942 ## - ADDED ENTRY ELEMENTS (KOHA)
Koha item type Books
Holdings
Withdrawn status Lost status Damaged status Not for loan Collection code Home library Current library Shelving location Date acquired Total Checkouts Full call number Barcode Date last seen Price effective from Koha item type Source of acquisition Source of classification or shelving scheme
        Non-fiction IFM Main Campus Library IFM Main Campus Library Archival Collection 09/15/2021   378.67 UNI 0000001825 05/15/2015 02/19/2022 Books    
        Non-fiction IFM Main Campus Library IFM Main Campus Library Archival Collection 09/13/2021   378.67 UNI 0000001822 11/07/2015 02/19/2022 Books Purchases  
          IFM Main Campus Library IFM Main Campus Library   11/07/2015   378.67 UNI 0000001813 11/07/2015 11/07/2015 Books   Dewey Decimal Classification
        Non-fiction IFM Main Campus Library IFM Main Campus Library Archival Collection 09/15/2021   378.67 UNI 0000001821 11/07/2015 02/19/2022 Books    
        Non-fiction IFM Main Campus Library IFM Main Campus Library Archival Collection 09/15/2021   378.67 UNI 0000001824 11/07/2015 02/19/2022 Books